000 00648cam a22002413a 4500
001 26955
003 PGUSA
005 20140828083600.0
008 081018s2008||||xxu|||||s|||||000 1 eng d
040 _aPGUSA
_beng
042 _adc
100 1 _aHuekels, Jack G.
245 1 0 _aAdvanced Chemistry
_h[electronic resource] /
_cJack G. Huekels
260 _bProject Gutenberg,
_c2008
506 _aPublic domain in the USA.
516 _aElectronic text
653 _aShort stories
653 _aScience fiction
700 1 _aLlewellyn
830 0 _aProject Gutenberg
_v26955
856 4 0 _uhttp://www.gutenberg.org/ebooks/26955
942 _cEB
999 _c256210
_d256210